000 00613nam a22001937a 4500
999 _c180390
_d180390
005 20210809113935.0
010 _aENG-129685
020 _c2195.00
_a9780199487394
035 _aEN-113217
037 _bDBAD/PUB
082 _a792.0954
245 _aA Poetics of Modernity:
_bIndian Theatre Theory 1850 to the Present/
250 _a2019
260 _aNew Delhi
_bOxford University Press
_c2018
270 _a2/11 Ground floor, Ansari Road, Darya ganj,
_bNew Delhi
_e110002
300 _a519 p.
_c22cm(hbk)
_bIndex
700 _aAparna Bhargava Dharwadker
942 _2ddc
_cEN
_h792.0954
_kDHA